000 01062nam a2200313 a 4500
005 20260322212046.0
008 data
010 _a 95072994
020 _a1572940018 (pbk.)
020 _a9781572940017 (pbk.)
040 _aDLC
_cDLC
050 0 0 _aHG179
_b.B514 1996
082 0 0 _a332.024
_221
092 _a332.024 B514 1996
100 1 _aBissett, Lesley D.
245 1 0 _aGoing for the gold :
_bwinning the gold medal for financial independence /
_cLesley D. Bissett.
260 _aMission, Kan. :
_bSkillPath Publications,
_cc1996.
300 _ax, 127 p. :
_bcol. ill. ;
_c23 cm.
440 0 _aSelf-study sourcebook
500 _a"Featuring 100 ways to find everyday investment money"--Cover.
504 _aIncludes bibliographical references (p. 125-127).
650 0 _aFinance, Personal.
650 0 _aInvestments.
906 _a7
_bcbc
_corignew
_d2
_eopcn
_f19
_gy-gencatlg
922 _aco
991 _bc-GenColl
_hHG179
_i.B514 1996
_tCopy 1
_wBOOKS
001 data
999 _c1077
_d1077